MARC

LEADER 00000nam0a2200000 4500
001 227339
005 20231101230808.0
035 |a (RuTPU)RU\TPU\book\247757 
090 |a 227339 
100 |a 20121205d1978 k y0rusy50 ca 
101 0 |a rus 
102 |a RU 
105 |a a z 001zy 
200 1 |a Физикохимия композиционных материалов  |f Е. М. Соколовская, Л. С. Гузей 
210 |a Москва  |c Изд-во Московского ун-та  |d 1978 
215 |a 256 с.  |c ил. 
320 |a Библиография в конце глав. 
606 1 |a Композиционные материалы  |x Физическая химия  |2 stltpush  |3 (RuTPU)RU\TPU\subj\15046  |9 41344 
610 1 |a физикохимия 
610 1 |a композиты 
610 1 |a совместимость 
610 1 |a компоненты 
610 1 |a твердофазные реакции 
675 |a 620.22-419:54  |v 3 
700 1 |a Соколовская  |b Е. М.  |g Евдокия Михайловна 
701 1 |a Гузей  |b Л. С.  |g Леонид Степанович 
801 1 |a RU  |b 63413507  |c 20121205 
801 2 |a RU  |b 63413507  |c 20130215  |g RCR 
942 |c BK